000 00312nam a2200145Ia 4500
100 _aWelsh/Jim/ Elder/J
942 _cBK
654 _apascal
245 _aIntroduction to PASCAL
260 _bprentice hall
_aNew Delhi
_c1987
082 _a1.6424
_bWEL/EL
300 _a307
546 _aENGLISH
999 _c33798
_d33798